Manual de historia universal. (Record no. 6666)

MARC details
000 -LEADER
campo de control de longitud fija 01094nam a2200241 i 4500
001 - NÚMERO DE CONTROL
campo de control 6666
003 - IDENTIFICADOR DE NÚMERO DE CONTROL
campo de control ES-MaACL
005 - FECHA Y HORA DE LA ÚLTIMA TRANSACCIÓN
campo de control 20250815062557.0
007 - CAMPO FIJO DE DESCRIPCIÓN FÍSICA--INFORMACIÓN GENERAL
campo de control de longitud fija t|
008 - DATOS DE LONGITUD FIJA--INFORMACIÓN GENERAL
campo de control de longitud fija 900212m19601985sp ||||1| spa d
080 ## - NÚMERO DE LA CLASIFICACIÓN DECIMAL UNIVERSAL
Número de la Clasificación Decimal Universal 9(100)(021)
245 00 - MENCIÓN DEL TÍTULO
Título Manual de historia universal.
260 ## - PUBLICACIÓN, DISTRIBUCIÓN, ETC.
Lugar de publicación, distribución, etc. Madrid :
Nombre del editor, distribuidor, etc. Espasa-Calpe,
Fecha de publicación, distribución, etc. 1960-1985.
300 ## - DESCRIPCIÓN FÍSICA
Extensión 7 v. :
Otras características físicas il. ;
Dimensiones 25 cm.
505 8# - NOTA DE CONTENIDO CON FORMATO
Nota de contenido con formato t. I. Prehistoria / Martín Almagro Basch. -- 1a ed. -- t. II. Edad antigua / Luis Suárez Fernández. -- 3a ed. -- t. III. Edad media / Luis Suárez Fernández. -- 3a ed. -- t. IV. Edad moderna / Vicente Palacio Atard. -- 3a ed. -- t. V. Edad contemporánea / Vicente Palacio Atard. --1a ed. -- t. VI. y VII. Historia de América / Francisco Morales Padrón. -- 2a ed.
650 #7 - PUNTO DE ACCESO ADICIONAL DE MATERIA--TÉRMINO DE MATERIA
Término de materia o nombre geográfico como elemento de entrada Historia universal
Fuente del encabezamiento o término embne
9 (RLIN) 13429
700 1# - ENTRADA AGREGADA--NOMBRE PERSONAL
Nombre de persona Almagro Basch, Martín.
9 (RLIN) 20073
700 1# - ENTRADA AGREGADA--NOMBRE PERSONAL
Nombre de persona Suárez Fernández, Luis,
Fechas asociadas al nombre 1924-2024
9 (RLIN) 240112
700 1# - ENTRADA AGREGADA--NOMBRE PERSONAL
Nombre de persona Palacio Atard, Vicente,
Fechas asociadas al nombre 1920-2013
9 (RLIN) 88374
700 1# - ENTRADA AGREGADA--NOMBRE PERSONAL
Nombre de persona Morales Padrón, Francisco,
Fechas asociadas al nombre 1924-2010
9 (RLIN) 83066
852 ## - LOCALIZACIÓN
Ubicación ES-MaACL
Número de control de estantería L-13852-58
Sublocalización o colección R.49789
Holdings
Estatus retirado Estado de pérdida Estado de daño No para préstamo Biblioteca de origen Biblioteca actual Ubicación en estantería Fecha de adquisición Fuente de adquisición Total de préstamos Signatura topográfica completa Código de barras Visto por última vez Precio de reemplazo Tipo de ítem Koha
        Biblioteca del Ateneo de Madrid Biblioteca del Ateneo de Madrid Depósito 2 17/01/2008     L-13852-58 1006791 23/02/2023 23/02/2023 Libro impreso